Smallest Seas By Area - Statistics

General Stats
  • This quiz has been taken 9 times
  • The average score is 5 of 15
Answer Stats
Km² Sea % Correct
214k Aegean Sea
89%
138k Adriatic Sea
78%
169k Ionian Sea
56%
275k Tyrrhenian Sea
56%
150k Balearic Sea
44%
260k Sulu Sea
44%
223k Bay of Biscay
33%
240k Flores Sea
33%
251k Persian Gulf
33%
160k Gulf of California
22%
200k Molucca Sea
22%
181k Oman Sea
22%
258k Cooperation Sea
11%
200k Gulf of Anadyr
0%
226k Gulf of St. Lawrence
0%
No matching quizzes found
Score Distribution
Percent of People with Each Score
Percentile by Number Answered
Your Score History
You have not taken this quiz